|
|
|
|
| LEADER |
01195nam a2200325 a 4500 |
| 001 |
GR-Patra13780 |
| 008 |
951228s1996 gr e b 001 b eng d |
| 020 |
|
|
|a 0155030086
|
| 044 |
|
|
|b tx
|
| 050 |
|
|
|a HQ1206
|b .M354 1996
|
| 082 |
|
0 |
|a 155.633
|2 21
|
| 245 |
0 |
0 |
|a The psychology of women /
|c Margaret W. Matlin.
|
| 250 |
|
|
|a 3rd ed.
|
| 260 |
|
|
|a Fort Worth :
|b Harcourt Brace College Publishers,
|c c1996
|
| 300 |
|
|
|a xxii, 714 σ. :
|b εικ.
|
| 504 |
|
|
|a Περιλαμβάνει βιβλιογραφικές παραπομπές (σ. 588-670) και ευρετήρια.
|
| 650 |
|
0 |
|a Life cycle, Human
|
| 650 |
|
0 |
|a Sex differences (Psychology)
|
| 650 |
|
0 |
|a Sex role
|
| 650 |
|
4 |
|a Γυναίκες
|
| 650 |
|
4 |
|a ΚΟΙΝΩΝΙΑ
|
| 650 |
|
4 |
|a ΦΥΛΑ
|
| 650 |
|
4 |
|a Ψυχολογία
|
| 650 |
1 |
0 |
|a Women
|x Psychology
|
| 700 |
1 |
|
|a Matlin, Margaret W.
|
| 710 |
0 |
|
|a Harcourt Brace College Publishers
|
| 942 |
|
|
|2 ddc
|
| 952 |
|
|
|0 0
|1 0
|2 ddc
|4 0
|6 155_633000000000000_MAT
|7 0
|9 292817
|a LISK
|b LISK
|c BSC
|d 2021-01-17
|e 24
|f 0
|g 0.00
|l 0
|o 155.633 MAT
|p 92410014769
|r 2021-01-17 00:00:00
|t 1
|w 2021-01-17
|y BK15
|x 20001020 0 1
|x GrPaTEI
|
| 971 |
|
|
|a .b26612951
|b 14-05-20
|c 23-09-16
|
| 999 |
|
|
|c 171143
|d 171143
|